At the edge of psychology : (Record no. 414)
[ view plain ]
| 000 -LEADER | |
|---|---|
| fixed length control field | 00465nam a2200169 a 4500 |
| 001 - CONTROL NUMBER | |
| control field | 424070 |
| 005 - DATE AND TIME OF LATEST TRANSACTION | |
| control field | 20240216043626.0 |
| 008 - FIXED-LENGTH DATA ELEMENTS--GENERAL INFORMATION | |
| fixed length control field | 800919s1980 ii b 001 0 eng |
| 020 ## - INTERNATIONAL STANDARD BOOK NUMBER | |
| ISBN | 0195626214 |
| 040 ## - CATALOGING SOURCE (பட்டியலாக்க மூலம்) | |
| Original cataloging agency | DLC |
| Transcribing agency | DLC |
| 082 00 - DDC Classification | |
| Class No. | 320.019. |
| DDC Edition Number | 20 |
| Item Number - Author Mark | ASH. |
| 100 1# - MAIN ENTRY--PERSONAL NAME | |
| Personal name | Nandy, Ashis. |
| 245 10 - TITLE STATEMENT | |
| Title | At the edge of psychology : |
| Remainder of title | essays in politics and culture / |
| Statement of responsibility, etc. | Ashis Nandy. |
| 260 ## - PUBLICATION, DISTRIBUTION, ETC. | |
| Place of publication, distribution, etc. | Delhi : |
| Name of publisher, distributor, etc. | Oxford University Press, |
| Date of publication, distribution, etc. | 1980. |
| 300 ## - PHYSICAL DESCRIPTION | |
| Extent (e.g. Volumes, Pages etc.) | ix, 133 p. ; |
| 942 ## - Koha item type (Biblio) | |
| Koha item type | Books in Stacks (Lending) |
| Lost status | Damaged status | Collection code | Home library | Current library | Date acquired | Full call number | Accession Number | Item type |
|---|---|---|---|---|---|---|---|---|
| Lending | WERC Library | WERC Library | 02/16/2024 | 320.019. ASH. | 1267 | Books in Stacks (Lending) |
